Quizzes
Events
Quiz Creation
Community
Videos
Private Events
Remove Ads
Sign In
Join for FREE
Feedback
Dark Mode
Quiz Categories
Sports
Geography
Music
Movies
Television
Just For Fun
Miscellaneous
History
Literature
Language
Science
Gaming
Entertainment
Religion
Holiday
For Kids
Quiz Lab
Recent
Popular Today
Quiz Kudos Today
Editor Picks
Curator Picks
Quizzes by...
Day
Popularity
Type
Ratings
Length
Year
Community
Subscriptions
Recent Discussions
Orange Saloon
Badges
Playlists
Quests
Create
Leaderboards
Showdown
Live 5
Trivia Bingo
Activity
Puzzle Library
Sporcle Events
Private Events
Virtual Trivia
Globe League
Become a Host
Pub Owners
SporcleCon
Opinionation
Our Games
Videos
Blog
Mobile Apps
Partnerships
Remove Ads and Go Orange
Feedback
Literature
Harry Potter
A Song of Ice and Fire
The Hunger Games
Literary Character
Shakespeare
Book
Author
Novel
Poem
Young Adult
Children's Books
Play
Lord of the Rings
Literature
Harry Potter
A Song of Ice and Fire
The Hunger Games
Literary Character
Shakespeare
Book
Author
Novel
Poem
Young Adult
Children's Books
Play
Lord of the Rings
Random Quiz
Search Sporcle
×
Quiz Lab
Quiz Lab
Literature
Harry Potter
Type in answers that appear in a list
Type in answers that appear in a list
Classic
Best Score? Go Orange.
Harry Potter Organisations Stats
Can you name the People Belonging to these Harry Potter Organisations?
By
Rangersrule101
10m
134 Questions
266 Plays
266 Plays
266 Plays
Comments
Comments
Give Quiz Kudos
Give Quiz Kudos
-
- Ratings
hide this ad
Replay
Link that replays current quiz
Next Quiz
Link to next quiz in quiz playlist
You Got
0%
They Got
Avg Score
65%
Avg Friend Score
Upgrade to see
Score Distribution
Jump to the score distribution portion of the page
Score
0/134
Timer
10:00
0
Plays Today
% Correct
Fred Weasley
95.9%
Ron Weasley
95.9%
Fred Weasley
95.9%
Ron Weasley
95.9%
Harry Potter
95.5%
Harry Potter
95.5%
Albus Percival Wulfric Brian Dumbledore
95.1%
George Weasley
95.1%
Ginny Weasley
95.1%
George Weasley
95.1%
Ginny Weasley
95.1%
Albus Percival Wulfric Brian Dumbledore
95.1%
Remus Lupin
93.6%
Bill Weasley
93.6%
Sirius Black
93.2%
Lily Potter
93.2%
James Potter
93.2%
Arthur Weasley
92.9%
Charlie Weasley
92.9%
Molly Weasley
92.9%
Aberforth Dumbledore
92.5%
Remus Lupin
91.4%
Minerva McGonagall
90.2%
Mad Eye Moody
89.1%
Mad Eye Moody
89.1%
Severus Snape
88.3%
Neville Longbottom
88.3%
Minerva McGonagall
88%
Rubeus Hagrid
87.2%
Severus Snape
86.1%
Rubeus Hagrid
85.3%
Frank Longbottom
84.6%
Alice Longbottom
84.6%
Regulus Arcturus Black
82.3%
Nymphadora Tonks
82%
Severus Snape
82%
Kingsley Shacklebolt
77.1%
Katie Bell
76.7%
Katie Bell
76.7%
Peter Pettigrew
75.6%
Susan Bones
75.6%
Angelina Johnson
74.8%
Angelina Johnson
74.8%
Peter Pettigrew
74.8%
Dedalus Diggle
74.4%
% Correct
Hermione Granger
72.9%
Cho Chang
72.6%
Edgar Bones
71.4%
Seamus Finnigan
71.4%
Mundungus Fletcher
71.1%
Alicia Spinnet
70.7%
Alicia Spinnet
70.7%
Dean Thomas
70.3%
Dean Thomas
70.3%
Luna Lovegood
69.9%
Colin Creevey
69.5%
Dennis Creevey
68.8%
Gideon Prewett
68%
Fabian Prewett
68%
Oliver Wood
68%
Elphias Doge
66.9%
Parvati Patil
65.4%
Hestia Jones
64.7%
Hannah Abbott
64.7%
Padma Patil
64.7%
Amycus Carrow
64.3%
Michael Corner
63.9%
Arabella Doreen Figg
63.2%
Lavender Brown
62.8%
Marietta Edgecombe
62.8%
Justin Finch-Fletchley
62.4%
Ernie Macmillan
62.4%
Dolores Umbridge
62.4%
Filius Flitwick
62%
Alecto Carrow
62%
Amycus Carrow
62%
Marlene McKinnon
60.9%
Emmeline Vance
60.5%
Bellatrix Lestrange
60.2%
Lucius Malfoy
59.8%
Zacharias Smith
59.4%
Draco Malfoy
59.4%
Terry Boot
59%
Gilderoy Lockhart
59%
Pomona Sprout
57.9%
Lee Jordan
57.5%
Benjy Fenwick
56.8%
Cormac McLaggen
56.8%
Rabastan Lestrange
56.4%
Rodolphus Lestrange
56.4%
% Correct
Sturgis Podmore
55.6%
Quirinus Quirrell
55.6%
Anthony Goldstein
54.5%
Crabbe
53.8%
Poppy Pomfrey
53.4%
Argus Filch
53%
Goyle
53%
Sibyll Trelawney
52.3%
Cuthbert Binns
51.5%
Barty Crouch jnr
51.5%
Cuthbert Binns
51.1%
Caradoc Dearborn
50.4%
Yaxley
50.4%
Horace Slughorn
50%
Avery
49.6%
Firenze
49.2%
Aurora Sinistra
49.2%
Dorcas Meadows
48.1%
Septima Vector
47.7%
Wilhelmina Grubbly-Plank
47%
Antonin Dolohov
46.6%
Demelza Robins
45.5%
Jimmy Peakes
44.4%
Madam Pince
44%
Charity Burbage
43.2%
Madam Hooch
42.5%
Fenrir Greyback
42.5%
Nott
41%
Richie Coote
40.2%
Walden Macnair
39.8%
Igor Karkaroff
39.1%
Travers
38.7%
Jack Sloper
36.1%
Evan Rosier
35.7%
Gibbon
35.3%
Thorfinn Rowle
35.3%
Andrew Kirke
34.2%
Jugson
34.2%
Mulciber
34.2%
Rosier
33.1%
Selwyn
30.8%
Wilkes
28.2%
Augustus Rockwood
25.9%
Bathsheba Babbing
18.4%
Quiz Playlist
Details
Report
Send in Message
Add To Playlist
Classic:
Type in answers that appear in a list
Last Updated: Feb 16, 2017
Quiz Scoreboard
CHALLENGE
Sign Up to Join the Scoreboard
Show All
Scores
Hide
Comments
May contain spoilers
Recently Published
9x9 Crossword: Cartoon Network
by jackfrog10
Miscellaneous
3m
College Basketball Coaching Resumes
by pancakes188
Sports
9m
Billboard Blitz: Fleetwood Mac
by CooCooCachoo
Music
15s
More to Explore
Quiz From the Vault
Featured Blog Post
Where Did the Easter Bunny Come From?
hide this ad
You Might Also Like...
Tags
Harry Potter Quiz
HP Questions
Wizards Unite
Today's Top Quizzes in Literature
Browse Literature
hide this ad
Today's Top Quizzes in Harry Potter
Browse Harry Potter
Top Contributed Quizzes in Literature
1
Sneaky Slytherin Logic Puzzle
2
Get The Picture: Black or White Literature
3
5-to-1: Plays
4
A Court of Thorns and Roses (ACoTaR) Logic Puzzle
5
One Thing in Common: Literature
6
One Thing in Common: Literature II
7
One Thing in Common: Literature 3
8
One Thing in Common: Books
9
Literary Siblings Odd One Out III
10
Harry Potter Neighbourly Logic Puzzle #1
Explore More
Trending Topics
Harry Potter
Disney
Marvel
NBA
Anime
Kpop
Crossword
Song
Soccer
Pokémon
NFL
Puzzle
Country
WWE
The Office
hide this ad
More By:
Rangersrule101
Quiz
Plays
Rating
Category
Featured
Created
Harry Potter Characters (clickable)
6,005
4.32
Literature
Apr 2, 2012
Harry Potter Mega Word Chain
4,922
2.23
Literature
Jun 9, 2011
NBA finals triple doubles
916
4.33
Sports
Jun 10, 2011
Over/under harry potter
623
1.90
Literature
Aug 10, 2011
Open Era Wimbledon Champions
312
5.00
Sports
Jun 19, 2011
Go to Creator's Profile
Score Distribution
Quiz Creator Spotlight
Rangersrule101
Follow
Send a Message
Quizzes Created
-
Created Quiz Play Count
-
More By This Creator
Popular Quizzes Today
1
Find the US States - No Outlines Minefield
2
Find the Countries of Europe - No Outlines Minefield
3
The Countries of the World
4
Find the US States
5
Risky Map Clicking: Biggest States A-Z
6
US States
7
Popular People in 1961
8
Movies - When Are They Set?
More Literature Quizzes
Bonus Round Blitz! - A Song of Ice and Fire
Curator's Pick
Trending Quizzes
Risky Map Clicking: Least Populous States A-Z
1-10 Letter G Words
1-10 Letter F Words
Risky Map Clicking: Next State Alphabetically
Adjectives in 80s TV Shows
Recently Updated
Leaping Animals
pecheneg
Reality TV Shows (A-Z)
bhenderson79
Rickey Henderson's Hall of Fame Teammates
pecheneg
Champions League XIs: Arsenal
pecheneg
Quick Pick: Celebrities in WWE's Hall of Fame
aduchscher
A-Z Keypad Blitz II
pecheneg
Multiple Oscar Actors
pecheneg
Mystery Phrase Blitz: Oscar 'Best Actors'
pecheneg
F. Scott Fitzgerald Novels
LTH
Pick 3 Villains
ddd62291
Trending Topics
Anime
Disney
Marvel
Crossword
Kpop
NBA
Harry Potter
NFL
The Office
Puzzle
Country
Soccer
Song
Pokémon
WWE
Your Account Isn't Verified!
In order to create a playlist on Sporcle, you need to verify the email address you used during registration. Go to your
Sporcle Settings
to finish the process.
Report this User
Report this user for behavior that violates our
Community Guidelines
.
Details:
Send Report
Go to the Sporcle.com Mobile Site →
Comments